[Event "Steyr Landesliga 1920"]
[Site "Austria"]
[Date "2019.09.28"]
[Round "1.7"]
[White "Elpons, Walter"]
[Black "Preck, Patrick"]
[Result "0-1"]
[WhiteElo "1933"]
[BlackElo "1769"]
[PlyCount "130"]
[EventDate "2019.09.28"]
[EventType "team-tourn"]
[EventRounds "11"]
[EventCountry "AUT"]
[SourceTitle "CBM 193 Extra"]
[Source "ChessBase"]
[SourceDate "2020.01.31"]
[SourceVersion "1"]
[SourceVersionDate "2020.01.31"]
[SourceQuality "1"]
[WhiteTeam "Graz Schachgesellschaft"]
[BlackTeam "Graz Austria"]
[WhiteTeamCountry "AUT"]
[BlackTeamCountry "AUT"]

1. d4 d5 2. Bg5 Nf6 3. e3 Ne4 4. Bf4 c5 5. c3 Qb6 6. Qc1 Nd7 7. f3 Nd6 8. Nd2 Nf6 9. dxc5 Qxc5 10. Nb3 Qb6 11. Bd3 Bf5 12. Qc2 Bxd3 13. Qxd3 e6 14. Bxd6 Bxd6 15. Ne2 0-0 16. 0-0 Nd7 17. Qd4 Qc7 18. Kh1 Nb6 19. Nd2 Rfd8 20. Qh4 Be7 21. Qg3 Qxg3 22. Nxg3 Bc5 23. e4 Be3 24. Rfd1 Na4 25. Rab1 Rd7 26. Nc4 Bf2 27. Ne5 Rd6 28. Rd2 Bxg3 29. hxg3 Rad8 30. Rbd1 Kf8 31. c4 d4 32. f4 Nc5 33. Re1 a5 34. b3 Ke7 35. Nf3 Kf8 36. e5 R6d7 37. Kh2 g6 38. Red1 d3 39. Re1 a4 40. b4 Na6 41. a3 Rc8 42. Re4 Rdc7 43. c5 b6 44. cxb6 Rc3 45. Ne1 Rxa3 46. Nxd3 Rd8 47. b5 Nb8 48. Rc4 Ke8 49. b7 Raxd3 50. Rxd3 Rxd3 51. Rxa4 Rd7 52. Ra7 Kd8 53. b6 Ke7 54. Kh3 Nc6 55. Kh4 h6 56. g4 Nb8 57. g5 h5 58. g4 hxg4 59. Kxg4 Rd8 60. Ra1 Nd7 61. Rc1 Nxb6 62. Rc7+ Nd7 63. Rc8 Nb8 64. Kf3 Kd7 65. Rc1 Nc6 0-1

[Event "Steyr Landesliga 1819"]
[Site "Austria"]
[Date "2018.11.17"]
[Round "5.7"]
[White "Polz, Wolfgang"]
[Black "Preck, Patrick"]
[Result "0-1"]
[WhiteElo "1902"]
[BlackElo "1748"]
[PlyCount "90"]
[EventDate "2018.10.06"]
[EventType "team-tourn"]
[EventRounds "11"]
[EventCountry "AUT"]
[SourceTitle "CBM 189 Extra"]
[Source "ChessBase"]
[SourceDate "2019.06.03"]
[SourceVersion "1"]
[SourceVersionDate "2019.06.03"]
[SourceQuality "1"]
[WhiteTeam "Leibnitz"]
[BlackTeam "Graz Austria"]
[WhiteTeamCountry "AUT"]
[BlackTeamCountry "AUT"]

1. Nf3 d5 2. d4 e6 3. c4 c6 4. g3 Nf6 5. Bg2 Bd6 6. 0-0 Nbd7 7. Nc3 dxc4 8. Nd2 e5 9. Nxc4 Bc7 10. dxe5 Nxe5 11. Qxd8+ Kxd8 12. Rd1+ Ke7 13. Nxe5 Bxe5 14. Be3 Bd6 15. a4 a5 16. Bd4 Rd8 17. Bb6 Rg8 18. e4 Nd7 19. Be3 Ne5 20. f3 Nc4 21. Bd4 Nxb2 22. Nd5+ cxd5 23. Bxb2 dxe4 24. Rac1 exf3 25. Bxf3 Be6 26. Rxd6 Kxd6 27. Ba3+ Ke5 28. Bb2+ Kd6 29. Ba3+ Ke5 30. Bb2+ Kf5 31. Rc5+ Kg6 32. Bh5+ Kh6 33. Bf3 g5 34. h4 gxh4 35. Rh5+ Kg6 36. Rxh4 f5 37. Bh5+ Kg5 38. Bf3 Rgd8 39. Rxh7 Rd7 40. Rh5+ Kg6 41. Rh4 Rh7 42. Rd4 Rd7 43. Rh4 Rc8 44. Bh5+ Kg5 45. Bf3 Rc2 0-1

[Event "Steyr Landesliga 1617"]
[Site "Austria"]
[Date "2016.10.01"]
[Round "1.8"]
[White "Preck, Patrick"]
[Black "Hadl, Johann"]
[Result "0-1"]
[WhiteElo "1754"]
[BlackElo "1749"]
[PlyCount "78"]
[EventDate "2016.10.01"]
[EventType "team-tourn"]
[EventRounds "11"]
[EventCountry "AUT"]
[SourceTitle "CBM 175 Extra"]
[Source "ChessBase"]
[SourceDate "2016.12.12"]
[SourceVersion "1"]
[SourceVersionDate "2016.12.12"]
[SourceQuality "1"]
[WhiteTeam "Austria"]
[BlackTeam "Fuerstenfeld/Hartberg"]
[WhiteTeamCountry "AUT"]
[BlackTeamCountry "AUT"]

1. d4 Nf6 2. Nf3 d5 3. e3 e6 4. Bd3 Be7 5. Nbd2 Nbd7 6. c3 c6 7. e4 dxe4 8. Nxe4 Nxe4 9. Bxe4 Qc7 10. 0-0 0-0 11. Qe2 b6 12. Ne5 Bb7 13. f4 c5 14. Bxb7 Qxb7 15. Be3 Rad8 16. Nxd7 Rxd7 17. dxc5 Bxc5 18. Bxc5 bxc5 19. Rad1 Rfd8 20. c4 g6 21. b3 Rd4 22. Rxd4 Rxd4 23. Rd1 Qd7 24. Rxd4 Qxd4+ 25. Qf2 Qa1+ 26. Qf1 Qxa2 27. Qd3 Qb2 28. Qe3 Qb1+ 29. Kf2 Qf5 30. Kf3 h5 31. g3 g5 32. Qe4 g4+ 33. Ke3 Qxe4+ 34. Kxe4 f6 35. f5 Kf7 36. fxe6+ Kxe6 37. Kd3 Ke5 38. Ke3 f5 39. Kd3 f4 0-1

[Event "Steyr Landesliga 1516"]
[Site "Austria"]
[Date "2016.04.09"]
[Round "10.8"]
[White "Schloffer, Jasmin Denise"]
[Black "Preck, Patrick"]
[Result "1-0"]
[WhiteElo "1856"]
[BlackElo "1430"]
[PlyCount "73"]
[EventDate "2015.09.26"]
[EventType "team-tourn"]
[EventRounds "11"]
[EventCountry "AUT"]
[SourceTitle "EXT 2017"]
[Source "ChessBase"]
[SourceDate "2016.10.25"]
[SourceVersion "1"]
[SourceVersionDate "2016.10.25"]
[SourceQuality "1"]
[WhiteTeam "Feldbach Kirchberg"]
[BlackTeam "Graz Austria"]
[WhiteTeamCountry "AUT"]
[BlackTeamCountry "AUT"]

1. d4 d5 2. c4 c6 3. cxd5 cxd5 4. Nc3 Nf6 5. Bf4 Nc6 6. Nf3 Ne4 7. e3 Nxc3 8. bxc3 e6 9. Bd3 Bd6 10. Bxd6 Qxd6 11. 0-0 0-0 12. Ng5 g6 13. f4 f5 14. Qe1 Qc7 15. Qh4 Qg7 16. Rf3 Re8 17. Rh3 Re7 18. Rb1 b6 19. Kh1 Bb7 20. Rg1 h5 21. Qf2 Nd8 22. Rg3 Nf7 23. Nf3 Kf8 24. Nh4 Nh8 25. Rg5 Rc8 26. Qg3 Rxc3 27. Nxg6+ Nxg6 28. Rxg6 Qf7 29. Qg5 Ke8 30. Be2 Kd7 31. Bxh5 Qh7 32. Re1 Rc2 33. Rg8 Rxa2 34. Be8+ Kd8 35. Bb5+ Kc7 36. Rc1+ Kd6 37. Rd8+ 1-0

[Event "Steyr Landesliga 1516"]
[Site "Austria"]
[Date "2016.02.06"]
[Round "7.8"]
[White "Preck, Patrick"]
[Black "Calovi, Luca"]
[Result "1/2-1/2"]
[WhiteElo "1430"]
[BlackElo "1679"]
[PlyCount "50"]
[EventDate "2015.09.26"]
[EventType "team-tourn"]
[EventRounds "11"]
[EventCountry "AUT"]
[SourceTitle "EXT 2017"]
[Source "ChessBase"]
[SourceDate "2016.10.25"]
[SourceVersion "1"]
[SourceVersionDate "2016.10.25"]
[SourceQuality "1"]
[WhiteTeam "Graz Austria"]
[BlackTeam "Graz Styria"]
[WhiteTeamCountry "AUT"]
[BlackTeamCountry "AUT"]

1. d4 d5 2. Nf3 Nf6 3. e3 c6 4. c3 Bf5 5. Bd3 Bxd3 6. Qxd3 Nbd7 7. Nbd2 e6 8. e4 dxe4 9. Nxe4 Nxe4 10. Qxe4 Nf6 11. Qe2 Qd5 12. Bf4 Bd6 13. Bxd6 Qxd6 14. 0-0 0-0 15. Ne5 Qd5 16. a3 Rad8 17. Rad1 Qa5 18. Rd3 c5 19. b4 cxb4 20. axb4 Qb6 21. Rg3 Rd5 22. Qe3 Qd8 23. Re1 a5 24. Qh6 g6 25. Rh3 axb4 1/2-1/2

[Event "Steyr Landesliga 1415"]
[Site "Austria"]
[Date "2014.11.22"]
[Round "5.8"]
[White "Preck, Patrick"]
[Black "Koelber, Daniel"]
[Result "1/2-1/2"]
[WhiteElo "1222"]
[BlackElo "1514"]
[PlyCount "32"]
[EventDate "2014.09.27"]
[EventType "team-tourn"]
[EventRounds "11"]
[EventCountry "AUT"]
[SourceTitle "EXT 2016"]
[Source "ChessBase"]
[SourceDate "2015.10.08"]
[SourceVersion "1"]
[SourceVersionDate "2015.10.08"]
[SourceQuality "1"]
[WhiteTeam "Graz Austria"]
[BlackTeam "Leoben"]
[WhiteTeamCountry "AUT"]
[BlackTeamCountry "AUT"]

1. d4 Nf6 2. Nf3 e6 3. e3 d5 4. Bd3 c5 5. c3 Nc6 6. Nbd2 Bd6 7. 0-0 0-0 8. dxc5 Bxc5 9. e4 Qb6 10. exd5 exd5 11. Nb3 Bxf2+ 12. Rxf2 Ng4 13. Qc2 Nxf2 14. Qxf2 Qxf2+ 15. Kxf2 Be6 16. Bf4 Rfe8 1/2-1/2